What's the weather like today? / (Record no. 6421)

MARC details
000 -LEADER
fixed length control field 01113cam a22003374a 4500
001 - CONTROL NUMBER
control field 6421
003 - CONTROL NUMBER IDENTIFIER
control field FISKH
005 - DATE AND TIME OF LATEST TRANSACTION
control field 20250502093829.0
008 - FIXED-LENGTH DATA ELEMENTS--GENERAL INFORMATION
fixed length control field 110301s2012 mnua b 001 0 eng
010 ## - LIBRARY OF CONGRESS CONTROL NUMBER
LC control number 2011003903
020 ## - INTERNATIONAL STANDARD BOOK NUMBER
International Standard Book Number 9781617417375 (alk. paper)
020 ## - INTERNATIONAL STANDARD BOOK NUMBER
International Standard Book Number 9780916119416
040 ## - CATALOGING SOURCE
Original cataloging agency DLC
Transcribing agency DLC
Modifying agency DLC
Language of cataloging eng
050 ## - LIBRARY OF CONGRESS CALL NUMBER
Classification number QC981.3 .W49
082 ## - DEWEY DECIMAL CLASSIFICATION NUMBER
Classification number 551.5
100 1# - MAIN ENTRY--PERSONAL NAME
Personal name Williams, Rozanne Lanczak
245 10 - TITLE STATEMENT
Title What's the weather like today? /
Statement of responsibility, etc. by Conrad J. Storad ; science content editor, Kristi Lew.
260 ## - PUBLICATION, DISTRIBUTION, ETC.
Place of publication, distribution, etc. Huntington Beach :
Name of publisher, distributor, etc. Creative Teaching Press,
Date of publication, distribution, etc. 1994.
300 ## - PHYSICAL DESCRIPTION
Extent 16 pages :
Other physical details color illustrations ;
Dimensions 16 x​ 23 cm
490 0# - SERIES STATEMENT
Series statement My science library
504 ## - BIBLIOGRAPHY, ETC. NOTE
Bibliography, etc. note Includes bibliographical references and index.
505 ## - FORMATTED CONTENTS NOTE
Formatted contents note D<br/>
520 ## - SUMMARY, ETC.
Summary, etc. Discusses the weather and how it can vary from day to day.
521 8# - TARGET AUDIENCE NOTE
Target audience note 160<br/>
Source Lexile estimate <br/>
521 8# - TARGET AUDIENCE NOTE
Target audience note D<br/>
Source Raz-Plus<br/>
650 #0 - SUBJECT ADDED ENTRY--TOPICAL TERM
Topical term or geographic name entry element Weather
Form subdivision Juvenile literature.
700 ## - ADDED ENTRY--PERSONAL NAME
Personal name Secheret, Jessica
Relator term illustrator
906 ## - LOCAL DATA ELEMENT F, LDF (RLIN)
a 7
b cbc
c orignew
d 1
e ecip
f 20
g y-gencatlg
942 ## - ADDED ENTRY ELEMENTS (KOHA)
Source of classification or shelving scheme Dewey Decimal Classification
Koha item type Books
Suppress in OPAC No
Holdings
Withdrawn status Lost status Source of classification or shelving scheme Damaged status Not for loan Collection Home library Current library Shelving location Date acquired Total Checkouts Full call number Barcode Date last seen Copy number Price effective from Koha item type
    Dewey Decimal Classification     Non-Fiction Footprints International School Library Network Toul Kork Campus Footprints International School Library Network Toul Kork Campus TK Primary Library Room(4th Floor), Bookcase 7, Shelves 57-60, Dark Green Books 04/29/2025   WIl 551.5 QC981.3 .W49 FISTK01821 04/29/2025 1 04/29/2025 Books
    Dewey Decimal Classification     Non-Fiction Footprints International School Library Network Toul Kork Campus Footprints International School Library Network Toul Kork Campus TK Primary Library Room(4th Floor), Bookcase 7, Shelves 57-60, Dark Green Books 04/29/2025   WIl 551.5 QC981.3 .W49 FISTK01820 05/02/2025 2 05/02/2025 Books